An toàn bức xạ bảo vệ môi trường

Sách được biên soạn dựa trên cơ sở các bài giảng của tác giả trong nhiều năm về xác định liều lượng bức xạ và bảo vệ an toàn bức xạ dành cho sinh viên chuyên ngành kỹ thuật hạt nhân và vật lý môi trường....

תיאור מלא

שמור ב:
מידע ביבליוגרפי
מחבר ראשי: Phùng, Văn Duân
פורמט: ספר
שפה:Undetermined
יצא לאור: Hà Nội Khoa học và Kỹ thuật 2006
נושאים:
תגים: הוספת תג
אין תגיות, היה/י הראשונ/ה לתייג את הרשומה!
Thư viện lưu trữ: Trung tâm Học liệu Trường Đại học Cần Thơ
LEADER 00926nam a2200217Ia 4500
001 CTU_141668
008 210402s9999 xx 000 0 und d
020 |c 75000 
082 |a 363.1799 
082 |b D502 
100 |a Phùng, Văn Duân 
245 3 |a An toàn bức xạ bảo vệ môi trường 
245 0 |c Phùng Văn Duân 
260 |a Hà Nội 
260 |b Khoa học và Kỹ thuật 
260 |c 2006 
520 |a Sách được biên soạn dựa trên cơ sở các bài giảng của tác giả trong nhiều năm về xác định liều lượng bức xạ và bảo vệ an toàn bức xạ dành cho sinh viên chuyên ngành kỹ thuật hạt nhân và vật lý môi trường. 
650 |a Ion pumps 
650 |x Effect of radiation 
904 |i Trọng Hải 
980 |a Trung tâm Học liệu Trường Đại học Cần Thơ